000 03219cam a2200421 4500500
005 20260111112452.0
041 _afre
042 _adc
100 1 0 _aMacchi, Alessandra
_eauthor
700 1 0 _aTitia Rizzi, Alice
_eauthor
700 1 0 _aCarretier, Emilie
_eauthor
245 0 0 _aL’apport de la psychothérapie transculturelle dans la clinique des adolescents et leur famille
260 _c2022.
500 _a3
520 _aCe travail a pour objet de présenter les résultats préliminaires d’une étude qualitative visant à explorer l’expérience subjective des soignants qui adressent des familles en psychothérapie transculturelle.Les résultats montrent que le dispositif offre à la famille la possibilité de rentrer en confiance pour pouvoir construire une narrativité subjective et culturelle qui permet aux soignants de mieux comprendre les situations et d’améliorer l’alliance thérapeutique. On souligne un changement dans la pratique des thérapeutes après leur rencontre avec le dispositif transculturel qui peut donner d’autres clés de lecture de l’histoire clinique des patients.
520 _aThe purpose of this work is to present the first results of a qualitative study exploring the experience of practitioners who refer families to transcultural psychotherapy.The results show that the therapeutic setting offers the family the possibility of gaining confidence in order to be able to form a subjective, cultural narrative, enabling caregivers to have a better understanding of situations and to improve the therapeutic alliance. There is a change in therapists’ practice after their encounter with the transcultural setting which can provide other keys to reading the clinical history of patients.
520 _aEl propósito de este trabajo es presentar los resultados preliminares de un estudio cualitativo dirigido a explorar la experiencia subjetiva de los profesionales que derivan familias a psicoterapia transcultural.Los resultados muestran que el dispositivo ofrece a la familia la posibilidad de recuperar la confianza para poder construir una narratividad subjetiva y cultural. Esto a su vez permite a los profesionales comprender mejor las situaciones y mejorar la alianza terapéutica. Destacamos un cambio en la práctica de los terapeutas tras su encuentro con el dispositivo transcultural que puede aportar otras claves para la lectura de la historia clínica de los pacientes.
690 _aadolescent
690 _aalliance thérapeutique
690 _aconsultation
690 _aprofessionnel de santé
690 _apsychothérapie
690 _arelation soignant famille
690 _asoin interculturel
690 _atransculturel
690 _avécu
690 _aadolescent
690 _aconsultation
690 _aexperiences
690 _afamily-caregiver relations
690 _ahealth professionals
690 _aintercultural care
690 _apsychotherapy
690 _atherapeutic alliance
690 _atranscultural
786 0 _nL'autre | Volume 22 | 3 | 2022-03-14 | p. 353-356 | 1626-5378
856 4 1 _uhttps://shs.cairn.info/revue-l-autre-2021-3-page-353?lang=fr&redirect-ssocas=7080
999 _c1632323
_d1632323